000 00369nam a2200157Ia 4500
003 Ost
005 20260225132547.0
008 260225s9999||||xx |||||||||||||| ||und||
040 _cfsic
041 _afre
082 _a440
100 _aAnissa Boumedienne
_eAuteur
245 0 _aKhansa mi poete et femme d'Arabie /
245 0 _cAnissa Boumedienne
942 _cكتاب
999 _c33886
_d33886